التكامل بين العمليات والتسويق : (رقم التسجيلة. 79795)

تفاصيل مارك
000 -الفاتح
حقل البيانات ثابتة الطول 00943nam a22002417a 4500
003 - محدد رقم الضبط
رقم الضبط OSt
005 - وقت وتاريخ اخر تعامل مع التسجيلة
رقم الضبط 20220602100108.0
008 - عناصر البيانات ثابتة الطول - معلومات عامة
حقل البيانات ثابتة الطول 220602b2016 jo ||||| |||| 00| 0 ara d
020 ## - الرقم الدولى المعيارى للكتب
الرقم الدولى المعيارى للكتاب 9789957912888
040 ## - مصدر الفهرسة
وكالة الفهرسة الأصلية Ma-Un
وكالة النسخ Ma-Un
082 ## - رقم تصنيف ديوى العشرى
رقم التصنيف 658.8
رقم المادة ص م ت
رقم الطبعة 21
100 ## - المدخل الرئيسى - إسم شخصى
الإسم الشخصى الصواف، محفوظ حمدون
245 ## - بيان العنوان
العنوان التكامل بين العمليات والتسويق :
بقية العنوان مدخل إستراتيجي /
بيان المسئوليه,etc محفوظ حمدون الصواف، شهاب محمد الطه.
250 ## - بيان الطبعة
بيان الطبعة ط. 1.
260 ## - PUBLICATION, DISTRIBUTION, ETC. (IMPRINT)
مكان الناشر او الموزع عمان، الأردن :
اسم الناشر او الموزع دار وائل للنشر والتوزيع،
تاريخ النشر أو التوزيع 2016
تاريخ النشر هجري 1437
300 ## - الوصف المادى
التعداد 272 ص. :
تفاصيل ماديه اخرى للوعاء إيض. ؛
أبعاد الوعاء 24 سم.
504 ## - تبصرة ببليوجرافية
تبصرة ببليوجرافية,الخ يشتمل على قائمة ببليوجرافية.
650 ## - المدخل الاضافى بالموضوع-مصطلح موضوعى
مصطلح موضوعي أو اسم جغرافي كعنصر مدخل إدارة التسويق
650 ## - المدخل الاضافى بالموضوع-مصطلح موضوعى
مصطلح موضوعي أو اسم جغرافي كعنصر مدخل التسويق
650 ## - المدخل الاضافى بالموضوع-مصطلح موضوعى
مصطلح موضوعي أو اسم جغرافي كعنصر مدخل العمليات الإدارية
700 ## - المدخل الاضافى - اسم شخصى
الإسم الشخصى الطه، شهاب محمد
952 ## - LOCATION AND ITEM INFORMATION (KOHA)
نوع المادة فى نظام كوها كتاب
952 ## - LOCATION AND ITEM INFORMATION (KOHA)
نوع المادة فى نظام كوها كتاب
952 ## - LOCATION AND ITEM INFORMATION (KOHA)
نوع المادة فى نظام كوها كتاب
952 ## - LOCATION AND ITEM INFORMATION (KOHA)
نوع المادة فى نظام كوها كتاب
952 ## - LOCATION AND ITEM INFORMATION (KOHA)
نوع المادة فى نظام كوها كتاب
952 ## - LOCATION AND ITEM INFORMATION (KOHA)
نوع المادة فى نظام كوها كتاب
952 ## - LOCATION AND ITEM INFORMATION (KOHA)
نوع المادة فى نظام كوها كتاب
952 ## - LOCATION AND ITEM INFORMATION (KOHA)
نوع المادة فى نظام كوها كتاب
952 ## - LOCATION AND ITEM INFORMATION (KOHA)
نوع المادة فى نظام كوها كتاب
952 ## - LOCATION AND ITEM INFORMATION (KOHA)
نوع المادة فى نظام كوها كتاب
952 ## - LOCATION AND ITEM INFORMATION (KOHA)
نوع المادة فى نظام كوها كتاب
952 ## - LOCATION AND ITEM INFORMATION (KOHA)
نوع المادة فى نظام كوها كتاب
952 ## - LOCATION AND ITEM INFORMATION (KOHA)
نوع المادة فى نظام كوها كتاب
952 ## - LOCATION AND ITEM INFORMATION (KOHA)
نوع المادة فى نظام كوها كتاب
952 ## - LOCATION AND ITEM INFORMATION (KOHA)
نوع المادة فى نظام كوها كتاب
952 ## - LOCATION AND ITEM INFORMATION (KOHA)
نوع المادة فى نظام كوها كتاب
952 ## - LOCATION AND ITEM INFORMATION (KOHA)
نوع المادة فى نظام كوها كتاب
942 ## -
-- ddc
-- BOOK
المقتنيات
حالة الفقد نموذج السعر الفعال حالة تلف ليس للاعارة تاريخ الاكتساب رقم الطلب تاريخ الاكتساب الموقع الحالي الباركود الفرع الرئيسي Date last seen مصدر التصنيف او خطة الترفيف Total Checkouts
  2022-06-02   Not For Loan 2022-06-02 658.8 ص م ت 2022-06-02 CL 00169409 المكتبة المركزية بالمجمعة (CL) 2022-06-02 Dewey Decimal Classification  
  2022-06-02     2022-06-02 658.8 ص م ت 2022-06-02 CL 00169410 المكتبة المركزية بالمجمعة (CL) 2022-06-02 Dewey Decimal Classification  
  2022-06-02     2022-06-02 658.8 ص م ت 2022-06-02 CL 00169411 المكتبة المركزية بالمجمعة (CL) 2022-06-02 Dewey Decimal Classification  
  2022-06-02   Not For Loan 2022-06-02 658.8 ص م ت 2022-06-02 IC 00169414 قسم الاجراءات الفنية (IC) 2022-06-02 Dewey Decimal Classification  
  2022-06-02     2022-06-02 658.8 ص م ت 2022-06-02 IC 00169415 قسم الاجراءات الفنية (IC) 2022-06-02 Dewey Decimal Classification  
  2022-06-02   Not For Loan 2022-06-02 658.8 ص م ت 2022-06-02 IC 00169416 قسم الاجراءات الفنية (IC) 2022-06-02 Dewey Decimal Classification  
  2022-06-02     2022-06-02 658.8 ص م ت 2022-06-02 IC 00169417 قسم الاجراءات الفنية (IC) 2022-06-02 Dewey Decimal Classification  
  2022-06-02   Not For Loan 2022-06-02 658.8 ص م ت 2022-06-02 IC 00169418 قسم الاجراءات الفنية (IC) 2022-06-02 Dewey Decimal Classification  
  2022-06-02     2022-06-02 658.8 ص م ت 2022-06-02 IC 00169419 قسم الاجراءات الفنية (IC) 2022-06-02 Dewey Decimal Classification  
  2022-06-02   Not For Loan 2022-06-02 658.8 ص م ت 2022-06-02 IC 00169420 قسم الاجراءات الفنية (IC) 2022-06-02 Dewey Decimal Classification  
  2022-06-02     2022-06-02 658.8 ص م ت 2022-06-02 IC 00169421 قسم الاجراءات الفنية (IC) 2022-06-02 Dewey Decimal Classification  
  2022-06-02   Not For Loan 2022-06-02 658.8 ص م ت 2022-06-02 SRF 00169422 مكتبة كلية العلوم و الدراسات الإنسانية برماح - طالبات (SRF) 2022-06-02 Dewey Decimal Classification  
  2022-06-02     2022-06-02 658.8 ص م ت 2022-06-02 SRF 00169423 مكتبة كلية العلوم و الدراسات الإنسانية برماح - طالبات (SRF) 2022-06-02 Dewey Decimal Classification  
  2022-06-02   Not For Loan 2022-06-02 658.8 ص م ت 2022-06-02 SRM 00169424 مكتبة كلية العلوم و الدراسات الإنسانية برماح - طلاب (SRM) 2022-06-02 Dewey Decimal Classification  
  2022-06-02     2022-06-02 658.8 ص م ت 2022-06-02 SRM 00169425 مكتبة كلية العلوم و الدراسات الإنسانية برماح - طلاب (SRM) 2022-06-02 Dewey Decimal Classification  
  2022-06-02   Not For Loan 2022-06-02 658.8 ص م ت 2022-06-02 SZM 00169412 مكتبة مجمع الكليات بالزلفى - طلاب (SZM) 2022-06-02 Dewey Decimal Classification  
  2022-06-02     2022-06-02 658.8 ص م ت 2022-06-02 SZM 00169413 مكتبة مجمع الكليات بالزلفى - طلاب (SZM) 2022-06-02 Dewey Decimal Classification